000 00574nam a2200229Ia 4500
003 OSt
005 20220918221222.0
006 a|||||r|||| 00| 0
007 ta
008 220917b |||||||| |||| 00| 0 eng d
024 _a148,821
037 _cTextual
040 _aARTS
_cARTS
_beng
041 _2eng
_aeng
082 _aTxM67, 123K5
100 _aBravo Hector Felix
_9139616
245 0 _aSarmiento, pedagogo social
260 _c1965
650 _aEDUCATION
942 _hTxM67, 123K5
_cTEXL
_2CC
999 _c271497
_d271497